00229nam a2200085Ia 450000100070000000500170000700800410002424500570006526000210012280863120250826171253.0250824s9999 xx 000 0 und d 0aTÜRKİYEDE ÖRTÜLÜ SAVAŞcZEKERİYA BEYAZ bDESTEK YAYINLARI